00760nam a2200169 a 4500003000200000005001700002008004100019050002700060100002100087245019400108260009000302300004000392504004100432650003900473650002700512650005100539020250527151254.0080526s19uu xx 00 eng d aPHS BV 4520b.C44 2002 aCheng, Leanne N. aA Comparative study on the motivation and relevance of the Holy mass on Roman Catholic students and teachers from the College of Engineering at University of Santo Tomas /cLeanne N. Cheng. aLas Piñas City, Philippines :bSouthville International School and Colleges,c2002. a51 pages :billustrations ;c28 cm. aIncludes bibliographical references. aReligious motivationzPhilippines. aMassxCatholic Church. aEducationxReligious aspectsvCatholic Church.